| 000 | 00657nam a2200217 i 4500 | ||
|---|---|---|---|
| 001 | 78216 | ||
| 003 | ES-MaACL | ||
| 005 | 20250911062645.0 | ||
| 007 | t| | ||
| 008 | 041013s1958 sp ||||1| spa d | ||
| 100 | 1 |
_aHartmann, Wolf Justin. _961995 |
|
| 245 | 1 | 3 |
_aLa partida de Sulva / _cWolf Justin Hartmann ; [traducción del alemán por E. Donato Prunera]. |
| 250 | _a[1ª ed.]. | ||
| 260 |
_aBarcelona : _bDestino, _c[1958] ( _fAriel) |
||
| 300 |
_a363 p. ; _c19 cm. |
||
| 490 | 1 | _aAncora y delfín | |
| 700 | 1 |
_aDonato Prunera, E. _945296 |
|
| 830 | 0 | 0 |
_aÁncora y Delfín _9151298 |
| 852 |
_aES-MaACL _jC-15567 _bR.43773 |
||
| 999 |
_c78216 _d78216 |
||